00626nam a2200145 a 450000100100000000500170001000800410002704000250006808200190009311000950011224501460020726000360035330000170038971000740040600004787520210301120403.0181001s2014 dr r 000 0 spa d aDO-SdBNPbspacBNPHU axxxxbR426inve1 aRepública Dominicanabescuela de graduados de estudios superiores aeronáuticos (EGESA)10aInvestigaciones aeronáuticas :bcompendio de monografías de la especialidad de estudios superiores aeronáuticos, promociones 2012-2015. aSanto Domingo :bINSUDE,c2014. av. ;c23 cm. 2aInstituto Superior para la Defensa General Juan Pablo Duarte y Díez